Slovník řeckých spisovatelů

Podrobná bibliografia
Hlavní autori: Borecký, Bořivoj, 1922-1995 (Autor), Dostálová, Růžena, 1924-2014 (Autor)
Médium: Kniha
Jazyk:čeština
Fyzický popis:663 s. tab. 20 cm
Vydavateľské údaje: Praha Leda 2006
ISBN:8073350661
Vydanie:Vyd. 1.
Predmet:

MARC

LEADER 00000cam a2200000 a 4500
001 vtls008840906
003 SK-MaSNL
005 20260301165645.0
008 240314s2006 xr l g hed 001 0ccze
020 |a 8073350661  |q (viaz.) 
040 |a SNK  |b slo  |c SNK  |e AACR2 
041 0 |a cze 
044 |a xr  |c CZ 
072 7 |a 821.14.09  |x Grécka antická literatúra  |2 konspekt 
072 7 |a 821.14'06.09  |x Moderná grécka literatúra  |2 konspekt 
080 |a 821.14-051  |2 2001 
080 |a (031)929  |2 2001 
080 |a 929  |2 2001 
100 1 |a Borecký, Bořivoj,  |d 1922-1995  |4 aut  |9 115188 
245 1 0 |a Slovník řeckých spisovatelů  |c [Bořivoj Borecký, Růžena Dostálová a kolektiv] 
250 |a Vyd. 1. 
260 |a Praha  |b Leda  |c 2006 
300 |a 663 s.  |b tab.  |c 20 cm 
500 |a Celkovo 2., preprac. a dopl. vyd. 
500 |a Chronologický prehľad 
504 |a Obsahuje bibliogr. 
650 0 7 |a grécki spisovatelia  |2 SNKPH  |9 89997 
650 0 7 |a Greek authors  |2 SNKPHeng  |9 534696 
655 7 |a biografické slovníky  |2 SNKPH  |9 51960 
655 7 |a Biographical dictionaries  |2 SNKPHeng  |9 278210 
700 1 |a Dostálová, Růžena,  |d 1924-2014  |4 aut  |9 172087 
919 |a 80-7335-066-1 
999 |c 825039  |d 826969 
952 |t snkSLO 821.14  |a SNKUST  |b SNKUST  |y PREZ  |7 0  |p 17A0590305  |o snkID 98113  |i snk2008/12471  |8 4  |g 21.28  |0 0  |1 0  |4 0  |d 2008-06-11  |l 0  |r 2025-03-21 00:00:00  |w 2026-02-24